000 00532nam a2200181Ia 4500
003 OSt
005 20170518092445.0
008 151015s9999 xx 000 0 und d
040 _cMMU
050 _aLC 3988 .K4k57 2002
100 _aOtiato,Cammy Abbey
245 _aSpecial Needs Education:
_b Teaching and learning Strategies in an Inclusive Setting/
_cCammy Abby Otiato
260 _aNairobi:
_bKISE,
_c2002
300 _a129 p:
500 _aIncludes references.
650 _aTeaching and learning
942 _2lcc
_cLOAN LOAN
999 _c2027
_d2027